| 000 | 00589nam a2200193 a 4500 | ||
|---|---|---|---|
| 005 | 20240214063612.0 | ||
| 008 | 991125s1951 mx 000 0 spa u | ||
| 035 | _aUPN01000004584 | ||
| 049 | _aCG | ||
| 050 | 4 |
_aPN2100 _bB3.38 |
|
| 100 | 1 | _aBaty, Gastón | |
| 245 | 1 | 3 |
_aEl arte teatral / _cpor Gastón Baty y René Chavance ; tr. Juan José Arreola. |
| 260 |
_aMéxico : _bFCE, _c1951. |
||
| 300 | _a306 p., [24] p. de láms. | ||
| 440 | 0 |
_aBreviarios del Fondo de Cultura Económica ; _v45 |
|
| 650 | 4 |
_aTeatro _xHistoria _914142 |
|
| 700 | 1 |
_aChavance, René, _ecoaut. |
|
| 905 | _aLibro | ||
| 999 |
_c4584 _d4584 |
||